A midsummer night's dream Level 3

A Midsummer Night's Dream is set in Athens, and includes several subplots revolving around the marriage of Theseus and Hippolyta. William Shakespeare's comedy is about the misfortune of four couples in an enchanted forest. They find themselves in a forest inhabited by fairies and participa...

Descripción completa

Guardado en:
Detalles Bibliográficos
Autor principal: Shakespeare, William
Otros Autores: Hopkins, Andy (Series editor), Potter, Jocelyn (Series editor)
Formato: Libro
Lenguaje:Vietnamese
Publicado: England Pearson Education Ltd 2008
Colección:Penguin Readers
Materias:
Etiquetas: Agregar Etiqueta
Sin Etiquetas, Sea el primero en etiquetar este registro!
Thư viện lưu trữ: Thư viện Trường Đại học Nam Cần Thơ
LEADER 01177nam a22002297a 4500
001 NCT_4_007781
008 240529b xxu||||| |||| 00| 0 vie d
999 |c 8320  |d 8320 
020 |a 9781405862387 
082 0 4 |2 23rd ed.  |a 428  |b S527 
100 1 |a Shakespeare, William 
245 1 0 |a A midsummer night's dream  |n Level 3  |c William Shakespeare ; Andy Hopkins, Jocelyn Potter (Series editor) 
260 |a England  |b Pearson Education Ltd  |c 2008 
300 |a viii, 55 p.  |b ill.  |c 20cm 
490 0 |a Penguin Readers 
520 3 |a A Midsummer Night's Dream is set in Athens, and includes several subplots revolving around the marriage of Theseus and Hippolyta. William Shakespeare's comedy is about the misfortune of four couples in an enchanted forest. They find themselves in a forest inhabited by fairies and participate in a plot of their inland.​ 
653 |a Tham khảo 
700 1 |a Hopkins, Andy  |e Series editor 
700 1 |a Potter, Jocelyn  |e Series editor 
942 |2 ddc  |c BK 
952 |0 0  |1 0  |2 ddc  |4 0  |6 428_000000000000000_S527  |7 0  |9 28878  |a 000001  |b 000001  |d 2024-05-29  |o 428 S527  |p TK.00993  |r 2024-05-29  |w 2024-05-29  |y BK 
980 |a Thư viện Trường Đại học Nam Cần Thơ